| 000 | 01103nam a2200337 4500 | ||
|---|---|---|---|
| 001 | 14711 | ||
| 003 | BD-RJUL | ||
| 005 | 20211208235658.0 | ||
| 008 | 810716s1981 ilua b 001 0 eng | ||
| 020 | _a0256024545 | ||
| 035 | _aMITb10118240 | ||
| 035 | _a(BD-RJUL)14765 | ||
| 035 | _aGLIS00118240 | ||
| 040 |
_aDLC _cDLC _dBD-RJUL _beng |
||
| 041 | _aeng | ||
| 082 |
_a658.1511 _bANF 1981 |
||
| 099 | _aHF5635.A688 1981 | ||
| 100 | 1 |
_aAnthony, Robert N. _q(Robert Newton), _d1916-2006. _945844 |
|
| 245 | 1 | 0 |
_aFundamentals of Management Accounting / _cRobert N. Anthony, Glenn A. Welsch. |
| 250 | _a3rd ed. | ||
| 260 |
_aHomewood, Ill. : _bR.D. Irwin ; _aGeorgetown, Ontario : _bIrwin-Dorsey, _c1981. |
||
| 300 |
_axvi, 679 p. : _bill. ; _c25 cm. |
||
| 490 | 1 | _aWillard J. Graham series in accounting | |
| 504 | _aIncludes bibliographies and index. | ||
| 650 | 0 |
_aManagerial accounting. _945845 |
|
| 650 | 0 |
_aCost accounting. _945846 |
|
| 700 | 1 |
_aWelsch, Glenn A. _945847 |
|
| 830 | 0 |
_aWillard J. Graham series in accounting. _9218408 |
|
| 942 |
_2ddc _cBK _02 |
||
| 999 |
_c14711 _d14711 |
||